000 00899nam a2200289Ia 4500
005 20260324130555.0
008 008 260324s9999 xx 000 0 eng d
020 _a9781315236940
037 _aEBOOK
040 _aCRL
040 _beng
040 _cCRL
041 _2eng
041 _aeng
084 _qCRL
100 _aRichard T. Carson
_91182286
245 4 _aThe Stated Preference Approach to Environmental Valuation, Volumes I, II and III
245 0 _bVolume I: Foundations, Initial Development, Statistical Approaches Volume II:Conceptual and Empirical Issues Volume III: Applications: Benefit-Cost Analysis and Natural Resource Damage Assessment
260 _bTaylor and Francis
260 _c2007
365 _a
365 _b1020
856 _uhttp://www.taylorfrancis.com/books/9781315236940
942 _cEBOOK
999 _c1778579
_d1778579